=LDR 00000nam 2200000 4500 =001 INLIS000000000048640 =005 20200211104159 =035 ##$$a 0010-121600000000026 =008 200211################g##########0#ind## =020 ##$$a 978-602-02-535-0 =040 ##$$a NBPDMAT =082 ##$$a 005.1 =090 ##$$a 005.1$bAnd c =100 ##$$a Andrea Adelheid =245 1#$$a Cara cepat membuat segala jenis website /$c Andrea Adelheid =260 ##$$a Jakarta :$b Elex Media Komputindo,$c 2013 =300 ##$$a vi, 114 hlm. : $b ilus. ; $c 21 x 14 cm. =500 ##$$a Biografi : hlm. 114 =650 #4$$a Komputer - Website =850 ##$$a NBPDMAT =084 ##$$a 005.1 AND c =990 ##$$a 21602148